000 00534nam a2200157Ia 4500
003 IN-BaIIA
008 211028s9999 xx 000 0 eng d
040 _cIIA Library
100 _aPlettinger, Anne H
_96211
245 0 _aTable of SinQ(theta) and Sin2Q(theta) for values of Q(theta) from 2 degrees to 87 degrees
_cAnne H. Plettinger
260 _aNew York
_bGordon and Breach Science
_c1965
300 _a45p.
650 _aNASA Thesaurus
650 _aTable-Mathematics
_96212
942 _cBK
999 _c3507
_d3507